Catálogo Biblioteca Central

La pionera mejora de las condiciones laborales en New Lanark (Glasgow, 1786), de la mano de David Dale y Robert Owen = (Registro nro. 232804)

Detalles MARC
000 -CABECERA
campo de control de longitud fija 00954naa a22002177i 4500
001 - NÚMERO DE CONTROL
campo de control 232804
003 - IDENTIFICADOR DEL NÚMERO DE CONTROL
campo de control ES-MaBCM
005 - FECHA Y HORA DE LA ÚLTIMA TRANSACCIÓN
campo de control 20260409122123.0
008 - CÓDIGOS DE INFORMACIÓN DE LONGITUD FIJA
campo de control de longitud fija 260406s2026 sp ||||| |||| 00| 0 spa d
040 ## - FUENTE DE LA CATALOGACIÓN
Centro transcriptor ES-MaBCM
100 1# - PUNTO DE ACCESO PRINCIPAL - NOMBRE DE PERSONA
Nombre de persona Martínez Saldaña, David
9 (RLIN) 118407
245 13 - MENCIÓN DE TÍTULO
Título La pionera mejora de las condiciones laborales en New Lanark (Glasgow, 1786), de la mano de David Dale y Robert Owen =
Resto del título The forerunner improvement of working conditions in New Lanark (Glasgow, 1786), by David Dale and Robert Owen
Mención de responsabilidad etc. David Martínez Saldaña
648 #0 - PUNTO DE ACCESO ADICIONAL DE MATERIA--TÉRMINO CRONOLÓGICO
Término cronológico S. XVIII
9 (RLIN) 128965
650 #7 - PUNTO DE ACCESO ADICIONAL DE MATERIA--TÉRMINO DE MATERIA
Término de materia o nombre geográfico como elemento inicial Derecho laboral
9 (RLIN) 58334
650 #7 - PUNTO DE ACCESO ADICIONAL DE MATERIA--TÉRMINO DE MATERIA
Término de materia o nombre geográfico como elemento inicial Condición de trabajo
9 (RLIN) 58033
650 #7 - PUNTO DE ACCESO ADICIONAL DE MATERIA--TÉRMINO DE MATERIA
Término de materia o nombre geográfico como elemento inicial Revolución industrial
9 (RLIN) 60132
650 #7 - PUNTO DE ACCESO ADICIONAL DE MATERIA--TÉRMINO DE MATERIA
Término de materia o nombre geográfico como elemento inicial Trabajo de menores
9 (RLIN) 60482
650 #7 - PUNTO DE ACCESO ADICIONAL DE MATERIA--TÉRMINO DE MATERIA
Término de materia o nombre geográfico como elemento inicial Socialismo utópico
9 (RLIN) 60296
773 0# - ENLACE AL DOCUMENTO FUENTE
Lugar editor y fecha de publicación Las Rozas, Madrid
Parte(s) relacionada(s) N. 134 (marzo 2026) - Loc. En línea
Título Trabajo y Derecho : nueva revista de actualidad y relaciones laborales
Número de control del registro relacionado 198687
942 ## - ELEMENTOS DE PUNTO DE ACCESO ADICIONAL (KOHA)
Fuente del sistema de clasificación o colocación Universal Decimal Classification
Tipo de ítem Koha Artículos de revistas
Existencias
Estado de retiro Estado de pérdida Fuente del sistema de clasificación o colocación Estado dañado No para préstamo Localización permanente Ubicación/localización actual Ubicación en estantería Fecha de adquisición Total de préstamos Fecha visto por última vez Precio válido a partir de Tipo de ítem Koha
    Universal Decimal Classification     Biblioteca Central del Ministerio de la Presidencia Biblioteca Central del Ministerio de la Presidencia Sala 06/04/2026   06/04/2026 06/04/2026 Artículos de revistas